000
00207 a2200097 4500
001
18067
100
_a
F A O
245
_a
Handbook on data processing methods
260
_a
_b
F A O
_c
090
_c
13361
_d
13361
942
_a
NUST-CAE
_c
M
_c
3738
999
_c
253140
_d
253140